ग़रीबों की आवाजें अनेक देशों से / (Record no. 119485)

MARC details
000 -LEADER
fixed length control field 01347nam a22002657a 4500
005 - DATE AND TIME OF LATEST TRANSACTION
control field 20170124103138.0
010 ## - LIBRARY OF CONGRESS CONTROL NUMBER
LC control number B-134425
020 ## - INTERNATIONAL STANDARD BOOK NUMBER
Terms of availability 00.00
International Standard Book Number 8170750695
035 ## - SYSTEM CONTROL NUMBER
System control number B-134425
037 ## - SOURCE OF ACQUISITION
Source of stock number/acquisition Cen Lib/Ret
040 ## - CATALOGING SOURCE
Original cataloging agency DPL
Language of cataloging HN
082 ## - DEWEY DECIMAL CLASSIFICATION NUMBER
Classification number 305.56
Item number ग़रीबों
245 ## - TITLE STATEMENT
Title ग़रीबों की आवाजें अनेक देशों से /
Statement of responsibility, etc सम्पादन दीपा नारायण [और] पटटी पेटेस्क
246 ## - VARYING FORM OF TITLE
Title proper/short title Gareebon ki awazen anek deshon se /
Remainder of title sampadan Deepa Narayan [aur] Patti Petesk
260 ## - PUBLICATION, DISTRIBUTION, ETC. (IMPRINT)
Name of publisher, distributor, etc हिंदुस्तान पब्लिशिंग हाउस
Date of publication, distribution, etc 2002
Place of publication, distribution, etc नयी दिल्ली
270 ## - ADDRESS
Address 4805/24, भरत राम रोड, दरिया गंज
City नयी दिल्ली
Postal code 110002
300 ## - PHYSICAL DESCRIPTION
Extent xvii,499पृ.
Dimensions 22सेमी(सजिल्द)
650 ## - SUBJECT ADDED ENTRY--TOPICAL TERM
Topical term or geographic name as entry element गरीब -- समस्याएँ और प्राथमिकताएँ
9 (RLIN) 85188
650 ## - SUBJECT ADDED ENTRY--TOPICAL TERM
Topical term or geographic name as entry element गरीब -- बेरोज़गारी
9 (RLIN) 119
650 ## - SUBJECT ADDED ENTRY--TOPICAL TERM
Topical term or geographic name as entry element Poor - Problems and Priorities
9 (RLIN) 85189
650 ## - SUBJECT ADDED ENTRY--TOPICAL TERM
Topical term or geographic name as entry element Poor - unemployment
9 (RLIN) 85190
700 ## - ADDED ENTRY--PERSONAL NAME
Personal name नारायण, दीपा
9 (RLIN) 85191
700 ## - ADDED ENTRY--PERSONAL NAME
Personal name पेटेस्क, पटटी
9 (RLIN) 85192
942 ## - ADDED ENTRY ELEMENTS (KOHA)
Source of classification or shelving scheme Dewey Decimal Classification
Koha item type Hindi Books
Classification part 305.56
Call number suffix ग़रीबों
Holdings
Withdrawn status Lost status Damaged status Not for loan Home library Current library Date acquired Source of acquisition Cost, normal purchase price Total Checkouts Full call number Barcode Date last seen Copy number Cost, replacement price Price effective from Koha item type
        Central Library Central Library 17/09/2015 Cen Lib/Ret 0.00   305.56 ग़रीबों B-134425 17/09/2015 1 0.00 17/09/2015 Hindi Books

© Delhi Public Library
Hit Counter
free hit counter